000 00515nam a2200217Ia 4500
003 OSt
005 20221005125826.0
006 a|||||r|||| 00| 0
007 ta
008 221004b |||||||| |||| 00| 0 guj d
024 _a40796
037 _cTextual
040 _aCRL
_cCRL
_bguj
041 _2guj
_aguj
082 _aNR445, 156K0.1
245 0 _aPrathmik ke sangeet
260 _c1960
650 _aMUSIC
_917402
942 _hNR445, 156K0.1
_cTEXL
_2cc
999 _c1055193
_d1055193